[Event "Tula Rjazanov Memorial"]
[Site "Tula"]
[Date "2016.02.11"]
[Round "6"]
[White "Sushkov, Alexey"]
[Black "Fedotov, Alexander V"]
[Result "1-0"]
[WhiteElo "1906"]
[BlackElo "1823"]
[PlyCount "49"]
[EventDate "2016.02.05"]
[EventType "swiss"]
[EventRounds "9"]
[EventCountry "RUS"]
[SourceTitle "CBM 171 Extra"]
[Source "ChessBase"]
[SourceDate "2016.04.26"]
[SourceVersion "1"]
[SourceVersionDate "2016.04.26"]
[SourceQuality "1"]

1. e4 c6 2. d4 d5 3. exd5 cxd5 4. Bg5 Nf6 5. Be2 Bf5 6. Nf3 e6 7. Ne5 Be7 8. Bb5+ Nbd7 9. Bxf6 Bxf6 10. Nxd7 Bg5 11. Nb6+ Kf8 12. Nxa8 Qxa8 13. 0-0 g6 14. Bd3 Bxd3 15. Qxd3 Kg7 16. Nd2 Rf8 17. Nf3 Bf6 18. Ne5 Bxe5 19. dxe5 Kg8 20. c4 Rd8 21. cxd5 Rxd5 22. Qe2 Qb8 23. f4 Qc7 24. Rfc1 Qb6+ 25. Qf2 1-0

[Event "Tula Rjazanov Memorial"]
[Site "Tula"]
[Date "2016.02.10"]
[Round "5"]
[White "Prokhorov, Sergey An"]
[Black "Sushkov, Alexey"]
[Result "1-0"]
[WhiteElo "1913"]
[BlackElo "1906"]
[PlyCount "77"]
[EventDate "2016.02.05"]
[EventType "swiss"]
[EventRounds "9"]
[EventCountry "RUS"]
[SourceTitle "CBM 171 Extra"]
[Source "ChessBase"]
[SourceDate "2016.04.26"]
[SourceVersion "1"]
[SourceVersionDate "2016.04.26"]
[SourceQuality "1"]

1. e4 c6 2. d4 d5 3. Nd2 dxe4 4. Nxe4 Bf5 5. Ng3 Bg6 6. h4 h6 7. Nf3 Nd7 8. h5 Bh7 9. Bd3 Bxd3 10. Qxd3 Qc7 11. Bd2 Ngf6 12. 0-0-0 0-0-0 13. Qa3 Kb8 14. Rh4 e5 15. Qb3 Bd6 16. Nf5 Nd5 17. c4 Nf4 18. Bxf4 exf4 19. c5 Bf8 20. Qxf7 Nf6 21. Ne5 Re8 22. Qxc7+ Kxc7 23. Ng6 Rg8 24. Nxf4 Be7 25. Re1 Kd7 26. f3 Nd5 27. Nxe7 Nxf4 28. Rxf4 Rxe7 29. Rxe7+ Kxe7 30. Kd2 Rd8 31. Ke3 Ke6 32. b4 Rd7 33. g4 Re7 34. Re4+ Kd7 35. Rxe7+ Kxe7 36. Ke4 Ke6 37. f4 a6 38. g5 Kf7 39. Kf5 1-0

[Event "Tula Rjazanov Memorial"]
[Site "Tula"]
[Date "2016.02.08"]
[Round "3"]
[White "Ermilov, Petr"]
[Black "Sushkov, Alexey"]
[Result "0-1"]
[WhiteElo "1769"]
[BlackElo "1906"]
[PlyCount "70"]
[EventDate "2016.02.05"]
[EventType "swiss"]
[EventRounds "9"]
[EventCountry "RUS"]
[SourceTitle "CBM 171 Extra"]
[Source "ChessBase"]
[SourceDate "2016.04.26"]
[SourceVersion "1"]
[SourceVersionDate "2016.04.26"]
[SourceQuality "1"]

1. e4 e5 2. Nf3 Nc6 3. Bb5 f5 4. Nc3 Nf6 5. exf5 e4 6. Ng5 d5 7. g4 Bb4 8. a3 Ba5 9. b4 Bb6 10. Na4 Qe7 11. Nxb6 axb6 12. Qe2 Bd7 13. Bxc6 bxc6 14. Bb2 c5 15. c3 0-0 16. 0-0 h6 17. Nh3 c4 18. Nf4 Rfe8 19. Ng6 Qd6 20. Kh1 Bc6 21. Rfe1 d4 22. cxd4 e3+ 23. Kg1 Qd5 24. f3 exd2 25. Qxd2 Qxf3 26. Ne7+ Rxe7 27. d5 Bxd5 28. Rxe7 Qh1+ 29. Kf2 Nxg4+ 30. Kg3 Qf3+ 31. Kh4 g5+ 32. Kh5 Ne5+ 33. Kxh6 Qh3+ 34. Kxg5 Qg4+ 35. Kh6 Qh4# 0-1

[Event "Tula Rjazanov Memorial"]
[Site "Tula"]
[Date "2016.02.07"]
[Round "2"]
[White "Sushkov, Alexey"]
[Black "Novikov, Mikhail G"]
[Result "0-1"]
[WhiteElo "1906"]
[BlackElo "2053"]
[PlyCount "70"]
[EventDate "2016.02.05"]
[EventType "swiss"]
[EventRounds "9"]
[EventCountry "RUS"]
[SourceTitle "CBM 171 Extra"]
[Source "ChessBase"]
[SourceDate "2016.04.26"]
[SourceVersion "1"]
[SourceVersionDate "2016.04.26"]
[SourceQuality "1"]

1. e4 c5 2. c3 d5 3. exd5 Qxd5 4. d4 cxd4 5. cxd4 Nc6 6. Nf3 e6 7. Nc3 Qd8 8. Be2 Nf6 9. 0-0 Be7 10. Bf4 0-0 11. Rc1 a6 12. a3 Re8 13. Bc4 Nd5 14. Nxd5 exd5 15. Ba2 Bg4 16. Be3 Bf6 17. Kh1 Qd6 18. Qb3 Bxf3 19. gxf3 Rad8 20. Qxb7 Nxd4 21. Rfd1 Nxf3 22. Qc7 Qe6 23. Qg3 Qf5 24. Bb1 Qh5 25. b4 Be5 26. Bf4 Bb2 27. Rc7 Nxh2 28. Kg2 Qxd1 29. Bc2 Qf3+ 30. Qxf3 Nxf3 31. Kxf3 Rc8 32. Bd3 Rxc7 33. Bxc7 Bxa3 34. Ba5 Rb8 35. Bxa6 Bxb4 0-1

[Event "Novomoskovsk"]
[Site "Novomoskovsk"]
[Date "2010.08.21"]
[Round "10"]
[White "Biriukov, Ilja"]
[Black "Sushkov, Alexey"]
[Result "1-0"]
[WhiteElo "2233"]
[BlackElo "2019"]
[PlyCount "73"]
[EventDate "2010.08.21"]
[EventType "tourn"]
[EventRounds "13"]
[EventCountry "RUS"]
[SourceTitle "EXT 2022"]
[Source "ChessBase"]
[SourceDate "2021.10.06"]
[SourceVersion "1"]
[SourceVersionDate "2021.10.06"]
[SourceQuality "1"]

1. d4 Nf6 2. c4 g6 3. Nc3 d6 4. e4 Bg7 5. f3 0-0 6. Be3 e5 7. d5 c6 8. Qd2 cxd5 9. cxd5 a6 10. Bd3 Nbd7 11. Nge2 b5 12. b4 Nb6 13. a4 Nc4 14. Bxc4 bxc4 15. Nd1 Qc7 16. Nb2 Nh5 17. Rc1 f5 18. Nxc4 Qe7 19. 0-0 f4 20. Bb6 g5 21. Ba5 Nf6 22. Nb6 Rb8 23. Nxc8 Rfxc8 24. Rc6 g4 25. Rfc1 Qd7 26. Qc3 Qa7+ 27. Kh1 Rxc6 28. dxc6 gxf3 29. gxf3 Kf7 30. b5 axb5 31. axb5 d5 32. b6 Qa6 33. Qxe5 Re8 34. Qc7+ Re7 35. Qxf4 Qxe2 36. e5 Rxe5 37. Re1 1-0

[Event "Novomoskovsk"]
[Site "Novomoskovsk"]
[Date "2010.08.21"]
[Round "1"]
[White "Gorbunov, Oleg"]
[Black "Sushkov, Alexey"]
[Result "1/2-1/2"]
[WhiteElo "2068"]
[BlackElo "2019"]
[PlyCount "126"]
[EventDate "2010.08.21"]
[EventType "tourn"]
[EventRounds "13"]
[EventCountry "RUS"]
[SourceTitle "EXT 2022"]
[Source "ChessBase"]
[SourceDate "2021.10.06"]
[SourceVersion "1"]
[SourceVersionDate "2021.10.06"]
[SourceQuality "1"]

1. e4 e5 2. Bc4 Nf6 3. d3 Nc6 4. Nf3 Bc5 5. 0-0 d6 6. c3 0-0 7. Nbd2 Be6 8. Bb3 a6 9. h3 Ba7 10. Re1 Re8 11. Nf1 h6 12. Ng3 Qd7 13. Be3 d5 14. Bxa7 Rxa7 15. Qe2 d4 16. c4 Kh7 17. Rec1 a5 18. Ba4 Bxh3 19. gxh3 Qxh3 20. Qf1 Qe6 21. Bxc6 Qxc6 22. Qh3 g6 23. Nh2 h5 24. Rf1 Qd6 25. Qh4 Kg7 26. f4 exf4 27. Qxf4 Qe6 28. Nf3 c5 29. e5 Ng4 30. Ne4 Ne3 31. Nfg5 Qf5 32. Qxf5 gxf5 33. Nd6 Rxe5 34. Ngxf7 Re7 35. Rf3 Rxf7 36. Nxf7 Kxf7 37. Kf2 Ra6 38. Rg1 Rh6 39. Rg5 Kf6 40. Rg8 b6 41. Rf8+ Ke7 42. Rb8 h4 43. Rb7+ Ke8 44. Rb8+ Kd7 45. Rb7+ Kc6 46. Rg7 h3 47. Rg1 h2 48. Rh1 Rh5 49. Kg3 Ng4 50. Kf4 Kd6 51. Rff1 Ke6 52. Kg3 Kf6 53. Rf3 Kg5 54. Rff1 Rh7 55. Rf3 Re7 56. Rff1 Re5 57. Rf3 Re7 58. Rhf1 Re5 59. Rh1 Re7 60. Rhf1 Ne3 61. Rh1 Ng4 62. Rhf1 Re3 63. Kg2 Re2+ 1/2-1/2

[Event "Novomoskovsk"]
[Site "Novomoskovsk"]
[Date "2010.08.21"]
[Round "8"]
[White "Krupoder, Sergey"]
[Black "Sushkov, Alexey"]
[Result "1-0"]
[WhiteElo "2087"]
[BlackElo "2019"]
[PlyCount "91"]
[EventDate "2010.08.21"]
[EventType "tourn"]
[EventRounds "13"]
[EventCountry "RUS"]
[SourceTitle "EXT 2022"]
[Source "ChessBase"]
[SourceDate "2021.10.06"]
[SourceVersion "1"]
[SourceVersionDate "2021.10.06"]
[SourceQuality "1"]

1. e4 e6 2. d4 d5 3. Nc3 Bb4 4. e5 Ne7 5. a3 Bxc3+ 6. bxc3 c5 7. Qg4 Qc7 8. Qxg7 Rg8 9. Qxh7 cxd4 10. Ne2 Nbc6 11. f4 Bd7 12. Qd3 dxc3 13. Nxc3 a6 14. Rb1 Nf5 15. Bd2 Na5 16. g4 Ne7 17. Be2 Nc4 18. Rb3 Bc6 19. Qd4 Rc8 20. h4 Bd7 21. Rh3 Nc6 22. Qc5 b6 23. Qg1 N6a5 24. Bxc4 Nxc4 25. Bc1 Bc6 26. g5 b5 27. Kd1 d4 28. Ne2 Be4 29. Nxd4 Nxe5 30. Rbc3 Nc4 31. Ke1 Rd8 32. Rcg3 Qd6 33. c3 Nxa3 34. Bxa3 Qxa3 35. Re3 Qc1+ 36. Kf2 Qd2+ 37. Kg3 Rxd4 38. cxd4 Qxd4 39. Qc1 Kd7 40. Rh2 Bd5 41. Rc2 Ke7 42. Rc7+ Kf8 43. h5 Kg7 44. h6+ Kg6 45. Qc2+ f5 46. Qe2 1-0

[Event "Novomoskovsk"]
[Site "Novomoskovsk"]
[Date "2010.08.21"]
[Round "11"]
[White "Sushkov, Alexey"]
[Black "Babaoglu, Cumhur"]
[Result "1/2-1/2"]
[WhiteElo "2019"]
[BlackElo "2085"]
[PlyCount "56"]
[EventDate "2010.08.21"]
[EventType "tourn"]
[EventRounds "13"]
[EventCountry "RUS"]
[SourceTitle "EXT 2022"]
[Source "ChessBase"]
[SourceDate "2021.10.06"]
[SourceVersion "1"]
[SourceVersionDate "2021.10.06"]
[SourceQuality "1"]

1. e4 d6 2. d4 Nf6 3. Nc3 g6 4. Bg5 Bg7 5. Qd2 h6 6. Bxf6 Bxf6 7. 0-0-0 Nd7 8. f4 c5 9. dxc5 Nxc5 10. e5 Bg7 11. exd6 0-0 12. dxe7 Qxe7 13. Nd5 Qd6 14. Qe3 Kh8 15. Qe7 Qxe7 16. Nxe7 Be6 17. Nf3 Rfd8 18. Rxd8+ Rxd8 19. c4 Ne4 20. Nd5 b5 21. Ne3 Nf2 22. Rg1 Bf8 23. cxb5 Bc5 24. Nc4 Rd1+ 25. Kc2 Bf5+ 26. Kb3 Nd3 27. Rh1 Nc1+ 28. Ka4 Nxa2 1/2-1/2

[Event "Suvorov-ch"]
[Site "Suvorov"]
[Date "2007.01.24"]
[Round "1"]
[White "Sushkov, Alexey"]
[Black "Zhukov, Vladimir"]
[Result "1/2-1/2"]
[WhiteElo "2020"]
[BlackElo "2233"]
[PlyCount "100"]
[EventDate "2007.01.24"]
[EventType "swiss"]
[EventRounds "9"]
[EventCountry "RUS"]
[SourceTitle "EXT 2019"]
[Source "ChessBase"]
[SourceDate "2018.10.10"]
[SourceVersion "1"]
[SourceVersionDate "2018.10.10"]
[SourceQuality "1"]

1. e4 e5 2. Nf3 Nc6 3. d4 exd4 4. Nxd4 Bc5 5. Be3 Qf6 6. c3 Nge7 7. Bc4 Ne5 8. Be2 0-0 9. 0-0 d5 10. f4 N5c6 11. e5 Qg6 12. f5 Bxd4 13. fxg6 Bxe3+ 14. Kh1 hxg6 15. Bg4 Nf5 16. Na3 Bb6 17. Nc2 Re8 18. Qxd5 Rxe5 19. Qf3 Be6 20. Rfe1 Bd5 21. Qf4 g5 22. Qxe5 Nxe5 23. Rxe5 Nh6 24. Rxd5 Nxg4 25. h3 Nf6 26. Rxg5 Re8 27. h4 Re4 28. g3 Re2 29. Nd4 Rxb2 30. Re5 Kf8 31. a4 a5 32. Re2 Bxd4 33. Rxb2 Bxc3 34. Rbb1 Bxa1 35. Rxa1 Ke7 36. Kg2 Nd5 37. Kf3 b6 38. g4 Kd6 39. Rd1 c6 40. h5 f6 41. Ke4 Ke6 42. Rc1 Kd6 43. Kf5 Ne7+ 44. Kf4 b5 45. axb5 cxb5 46. Rd1+ Kc6 47. g5 fxg5+ 48. Kxg5 a4 49. Rc1+ Kd6 50. Rd1+ Kc6 1/2-1/2

[Event "Tula Stek Cup"]
[Site "Tula"]
[Date "2004.11.24"]
[Round "8"]
[White "Biriukov, Ilja"]
[Black "Sushkov, Alexey"]
[Result "1-0"]
[WhiteElo "2256"]
[BlackElo "2275"]
[PlyCount "67"]
[EventDate "2004.11.16"]
[EventType "tourn"]
[EventRounds "11"]
[EventCountry "RUS"]
[EventCategory "4"]
[SourceTitle "CBM 103 Extra"]
[Source "ChessBase"]
[SourceDate "2005.01.01"]
[SourceVersion "1"]
[SourceVersionDate "2005.01.01"]
[SourceQuality "1"]

1. d4 d5 2. c4 Nf6 3. cxd5 Qxd5 4. Nc3 Qa5 5. Bd2 c6 6. e4 Qb6 7. Nf3 Bg4 8. e5 Nd5 9. Na4 Qc7 10. Bd3 e6 11. Rc1 Bb4 12. Bxb4 Nxb4 13. Bb1 Nd7 14. 0-0 Nd5 15. a3 Rc8 16. Re1 Qa5 17. Be4 Qd8 18. Qd2 h6 19. h3 Bxf3 20. Bxf3 0-0 21. Bxd5 exd5 22. Qb4 Rc7 23. Re3 Re8 24. g3 Qe7 25. Qd2 b6 26. Nc3 Nf6 27. f4 Qd7 28. Kh2 Rd8 29. Rd3 h5 30. Qe2 Qf5 31. Nb5 Re7 32. Rxc6 Re6 33. Rxe6 Qxe6 34. Nc3 1-0

[Event "Tula Stek Cup"]
[Site "Tula"]
[Date "2004.11.23"]
[Round "7"]
[White "Novikov, Maxim"]
[Black "Sushkov, Alexey"]
[Result "1-0"]
[WhiteElo "2498"]
[BlackElo "2275"]
[PlyCount "55"]
[EventDate "2004.11.16"]
[EventType "tourn"]
[EventRounds "11"]
[EventCountry "RUS"]
[EventCategory "4"]
[SourceTitle "CBM 103 Extra"]
[Source "ChessBase"]
[SourceDate "2005.01.01"]
[SourceVersion "1"]
[SourceVersionDate "2005.01.01"]
[SourceQuality "1"]

1. e4 e5 2. Nf3 Nf6 3. Bc4 Nc6 4. 0-0 h6 5. d4 Bd6 6. dxe5 Bxe5 7. Nxe5 Nxe5 8. Bb3 d6 9. Nc3 0-0 10. f3 Be6 11. Bf4 Bxb3 12. axb3 Ng6 13. Be3 a6 14. Qd2 Re8 15. Rfd1 Re6 16. b4 c6 17. Bc5 Qe8 18. Bb6 Rc8 19. Ra5 Qe7 20. Ne2 c5 21. bxc5 dxc5 22. Bxc5 Rxc5 23. Qd8+ Kh7 24. Qxe7 Nxe7 25. Rxc5 Rb6 26. Rc7 Nc6 27. b3 Kg8 28. Nd4 1-0